Представление документа в формате MARC21

Поле Инд. ПП Название Значение
Тип записи a
Библиографический уровень b
001 Контрольный номер RU/IS/BASE/283962609
005 Дата корректировки 20200630193247.1
008 Кодируемые данные 20081230
040 b Код языка каталог. rus
e Правила каталог. PSBO
041 0_ a Код языка текста rus
084 a Индекс другой классификации/Индекс ББК 83.3(0)5-444.5
100 1_ a Автор Заломкина Г. В.
245 10 a Заглавие Игровые составляющие ранней литературной готики
504 a Библиография Библиогр. - Примеч.: с. 60 - 61
520 0_ a Аннотация Цель данной статьи - охарактеризовать изначальные игровые свойства готической поэтики, относящиеся к периоду ее зарождения в конце XVIII в.
600 14 a Персоналии Уолпол Гораций
650 14 a Основная рубрика история литературы
a Основная рубрика литературоведение
a Основная рубрика филологические науки
653 0_ a Ключевые слова "Замок Отранто"
a Ключевые слова XVIII век
a Ключевые слова готическая поэтика
a Ключевые слова готический роман
a Ключевые слова художественный текст
773 08 t Заглавие источника Вестник Московского университета. Серия 9, Филология
d Дата издания источника 2008
g Прочая информация № 3. - С. 54 - 61
w Контрольный № источника RU/IS/BASE/282745557
901 t Тип документа b